[Event "Sydney International Open 2013"]
[Site "Sydney AUS"]
[Date "2013.04.07"]
[Round "9.2"]
[White "Stocek,J"]
[Black "Horvath,Ad1"]
[Result "1/2-1/2"]
[WhiteElo "2544"]
[BlackElo "2509"]

1.d4 Nf6 2.c4 e6 3.Nc3 Bb4 4.Nf3 c5 5.g3 cxd4 6.Nxd4 Ne4 7.Qc2 Qa5 8.Bg2 Nxc3
9.O-O Nc6 10.bxc3 Bxc3 11.Nb3 Nd4 12.Nxd4 Bxd4 13.Rb1 d6 14.Rd1 Bc5 15.Bxb7 Bxb7
16.Rxb7 Qa6 17.Qb3 O-O 18.Bb2 Rac8 19.Qb5 Qxa2 20.Ra1 a6 21.Qxa6 Qxa6 22.Rxa6 Ra8
23.Rc6 Rfb8 24.Rxb8+ Rxb8 25.e3 h5  1/2-1/2

[Event "87th ch-ARG 2013"]
[Site "Villa Martelli ARG"]
[Date "2013.04.08"]
[Round "6.19"]
[White "Ferrara,Enzo"]
[Black "Paternoste,M"]
[Result "0-1"]
[WhiteElo "1800"]
[BlackElo "2076"]

1.d4 Nf6 2.c4 e6 3.Nc3 Bb4 4.Nf3 b6 5.e3 Ne4 6.Qc2 Bb7 7.Bd3 f5 8.O-O Bxc3
9.bxc3 O-O 10.Nd2 Qh4 11.f4 Nf6 12.Nf3 Qh5 13.Be2 Qg6 14.d5 exd5 15.Nh4 Qf7
16.Qxf5 dxc4 17.Bf3 Nc6 18.e4 a6 19.e5 Ne7 20.Qh3 Ne4 21.Qxd7 Bd5 22.Bxe4 Bxe4
23.Nf3 h6 24.Qxc7 Qe6 25.Ba3 Rf7 26.Rad1 Nf5 27.Rd8+ Kh7 28.Rd6 Nxd6 29.Qxb6 Qg6
30.Bxd6 Rxf4 31.Qe3 Rg4 32.Rf2 Re8 33.h3 Rg3 34.e6 Rxf3 35.Rxf3 Bxf3 36.Qxf3 Qxe6
37.Bc5 Qe1+ 38.Kh2 Qe5+  0-1

[Event "14th TCh-RUS w 2013"]
[Site "Loo RUS"]
[Date "2013.04.13"]
[Round "5"]
[White "Tarasova,Viktoriy"]
[Black "Pogonina,N"]
[Result "0-1"]
[WhiteElo "2298"]
[BlackElo "2473"]

1.d4 Nf6 2.c4 e6 3.Nc3 Bb4 4.Nf3 b6 5.Qc2 Bb7 6.a3 Bxc3+ 7.Qxc3 O-O 8.g3 d6
9.Bg2 Nbd7 10.O-O Qe7 11.b4 Be4 12.Bb2 c6 13.Rfd1 Rfc8 14.Bf1 d5 15.Nd2 Bg6
16.Bg2 a5 17.Re1 Qf8 18.e4 axb4 19.axb4 Rxa1 20.Bxa1 dxe4 21.Nxe4 Nxe4 22.Bxe4 Bxe4
23.Rxe4 b5 24.Re1 Nb6 25.c5 Nd5 26.Qb3 Ra8 27.Bc3 Ra4 28.Rb1 g6 29.Bd2 Qg7
30.Qd3 Qf6 31.Kg2 Ra2 32.Be1 Qf5 33.Qxf5 exf5 34.Kf3 Kf8 35.Rb3 g5 36.h3 h5
37.Kg2 g4 38.h4 f4 39.gxf4 Nxf4+ 40.Kf1 Nd5 41.Bc3 Ke7 42.Bb2 Ke6 43.Ke2 Nf4+
44.Kd2 Kd5 45.Kc2 Ne6 46.Kb1 Ra4 47.Re3 f6 48.Bc3 Ra8 49.Kb2 Re8 50.Kc2 Ng7
51.Kd3 Re6 52.Ke2 Nf5 53.Rxe6 Kxe6 54.d5+ cxd5  0-1

[Event "77th ch-BUL 2013"]
[Site "Bankya BUL"]
[Date "2013.04.18"]
[Round "3.4"]
[White "Georgiev,Ki"]
[Black "Arnaudov,G"]
[Result "1-0"]
[WhiteElo "2657"]
[BlackElo "2489"]

1.d4 Nf6 2.c4 e6 3.Nc3 Bb4 4.Nf3 Nc6 5.Qc2 d6 6.Bd2 O-O 7.a3 Bxc3 8.Bxc3 Re8
9.e3 e5 10.d5 Nb8 11.Nd2 c6 12.e4 Rf8 13.Be2 Ne8 14.O-O Qg5 15.Kh1 Qg6 16.f4 exf4
17.Rxf4 Qh6 18.Raf1 Nd7 19.b4 Ne5 20.c5 Ng6 21.R4f2 cxd5 22.exd5 f5 23.Nc4 Ne7
24.Qe4 Rf7 25.Qd4 Bd7 26.cxd6 Ng6 27.Bd2 f4 28.Bd3  1-0

[Event "ch-CHN 2013"]
[Site "Xinghua CHN"]
[Date "2013.04.18"]
[Round "3.4"]
[White "Li Shilong"]
[Black "Zhou Jianchao"]
[Result "1/2-1/2"]
[WhiteElo "2558"]
[BlackElo "2607"]

1.d4 Nf6 2.c4 e6 3.Nc3 Bb4 4.Nf3 b6 5.Bg5 Bb7 6.e3 h6 7.Bh4 g5 8.Bg3 Ne4
9.Qc2 d6 10.Bd3 Bxc3+ 11.bxc3 Nxg3 12.hxg3 g4 13.Nh4 Qe7 14.O-O Nc6 15.Rab1 Rg8
16.Be4 Rg5 17.d5 Na5 18.dxe6 fxe6 19.c5 Rxc5 20.Bxb7 Nxb7 21.Qa4+ Qd7 22.Qxg4 O-O-O
23.Qg6 h5 24.Nf3 e5 25.Rfc1 Ra5 26.Rc2 Qe8 27.Qxe8 Rxe8 28.e4 Nc5 29.Nd2 Ra4
30.f3 Rg8 31.Kf2 Nd3+ 32.Ke3 Nc5 33.Kf2 Nd3+ 34.Ke3 Nc5 35.Kf2  1/2-1/2

[Event "ch-SRB 2013"]
[Site "Vrnjacka Banja SRB"]
[Date "2013.04.21"]
[Round "7.6"]
[White "Sedlak,N"]
[Black "Savic,Miod1"]
[Result "1/2-1/2"]
[WhiteElo "2577"]
[BlackElo "2539"]

1.d4 Nf6 2.c4 e6 3.Nc3 Bb4 4.Nf3 c5 5.g3 O-O 6.Bg2 d5 7.cxd5 Nxd5 8.Bd2 cxd4
9.Nxd5 Bxd2+ 10.Qxd2 Qxd5 11.Qxd4 Qa5+ 12.Qd2 Qxd2+ 13.Nxd2 Nc6 14.Nb3 Rb8
15.O-O-O Ne5 16.Rd4 b6 17.Kd2 Bb7 18.Bxb7 Rxb7 19.Rc1 Re8 20.f3 Kf8 21.Ke3 h6
22.Rdd1 Ra8 23.Nd4 a6 24.Nc6 Nd7 25.h4 Ke8 26.Nb4 a5 27.Nd3 Rd8 28.Kf2 Ke7
29.h5 Nc5 30.Ne5 Rxd1 31.Rxd1 Rc7 32.b3 Nb7 33.g4 Nd6 34.a4 Rc5 35.Nd3 Rc3
36.Rb1 f6 37.b4 Rc4 38.bxa5 bxa5 39.Rb6 Rxa4 40.Ra6 Rc4 41.Rxa5 Ne8 42.Kg3 e5
43.Nc5 Nc7 44.Ne4 Rc2 45.Ra7 Kf8 46.Nd6 Nd5 47.Ra8+ Ke7 48.Nf5+ Kf7 49.e3 Rc3
50.Kf2 Rc2+ 51.Ke1 Rc1+ 52.Kd2 Rc7 53.Rd8 Nb6 54.Ke2 Rd7 55.Rb8 Nd5 56.Kf2 Ne7
57.Nh4 Ra7 58.Rb2 Rc7 59.Rd2 Ra7 60.Rd8 Rc7 61.f4 exf4 62.exf4 Rc2+ 63.Kg3 Rc3+
64.Nf3 Rc7 65.f5 Rc3 66.Rd7 Ke8 67.Rb7 Kf8 68.Kf2 Rc4 69.Kg3 Rc3 70.Rd7 Ke8
71.Rd6 Nc6 72.Kf4 Rc4+ 73.Ke3 Ke7 74.Re6+ Kd7 75.Re4  1/2-1/2

[Event "Zonal 2.5 2013"]
[Site "Montevideo URU"]
[Date "2013.04.22"]
[Round "5.9"]
[White "Michailov,M"]
[Black "Muniz,R"]
[Result "0-1"]
[WhiteElo "2158"]
[BlackElo "2279"]

1.d4 Nf6 2.c4 e6 3.Nc3 Bb4 4.Nf3 O-O 5.g3 d6 6.Bg2 Nbd7 7.O-O Bxc3 8.bxc3 e5
9.Nd2 Re8 10.e4 c5 11.d5 Qa5 12.Qc2 Nb6 13.f4 Qa4 14.Qd3 exf4 15.gxf4 Bg4
16.Re1 Re7 17.Rb1 Rae8 18.Rb5 Bf5 19.Rb3 Qd7 20.Ra3 a6 21.Rb3 Na4 22.Bf3 Bg6
23.Bg2 Nxe4 24.Nxe4 b5 25.cxb5 c4 26.Qxc4 Nc5 27.bxa6 Bxe4 28.Rxe4 Rxe4 29.Bxe4 Nxe4
30.Qe2 Nc5 31.Be3 Nxb3 32.axb3 h6 33.Kf2 Qh3 34.a7 Qxh2+ 35.Ke1 Qh1+ 36.Kd2 Qxd5+
37.Kc2 Qa5 38.Qf3 d5 39.Kb2 Re4 40.Bd4 Qa6 41.c4 Rxd4  0-1

[Event "Alekhine Mem"]
[Site "Paris/St Petersburg FRA/RUS"]
[Date "2013.04.22"]
[Round "2"]
[White "Vitiugov,N"]
[Black "Anand,V"]
[Result "1/2-1/2"]
[WhiteElo "2712"]
[BlackElo "2783"]

1.d4 Nf6 2.c4 e6 3.Nc3 Bb4 4.Nf3 b6 5.e3 Ne4 6.Qc2 Bb7 7.Bd3 f5 8.O-O Bxc3
9.bxc3 O-O 10.c5 bxc5 11.Rb1 Qc8 12.Ba3 Re8 13.dxc5 Na6 14.Bxa6 Bxa6 15.Rfd1 Bb7
16.Ne5 d6 17.Nd3 Ba6 18.c4 e5 19.cxd6 Nxd6 20.c5 Nc4 21.Qa4 Nxa3 22.Qxa3 Bxd3
23.Qxd3 Qe6 24.Rb7 Re7 25.a4 a6 26.h3 h6 27.Qd5 Qxd5 28.Rxd5 Kf7 29.f4 exf4
30.exf4 Kf6 31.c6 Rc8 32.Rd7 Re4 33.Rbxc7 Rxc7 34.Rxc7 Rxa4 35.Ra7 Rxf4 36.Rxa6 Rc4
37.c7+ Kg5 38.Ra7 Rc2 39.c8=Q Rxc8 40.Rxg7+ Kf6  1/2-1/2

[Event "7th Agzamov Memorial"]
[Site "Tashkent UZB"]
[Date "2013.04.22"]
[Round "9"]
[White "Vakhidov,J"]
[Black "Kazhgaleyev,M"]
[Result "0-1"]
[WhiteElo "2386"]
[BlackElo "2594"]

1.d4 Nf6 2.c4 e6 3.Nc3 Bb4 4.Nf3 Bxc3+ 5.bxc3 d6 6.e3 b6 7.Bd3 Bb7 8.Nd2 e5
9.O-O e4 10.Bc2 Qe7 11.a4 a5 12.c5 dxc5 13.dxc5 Qxc5 14.Ba3 Qxc3 15.Qc1 Nbd7
16.Bb2 Qc5 17.Ba3 Qg5 18.f4 exf3 19.Nxf3 Qg4 20.h3 Qg3 21.e4 c5 22.Bb2 O-O
23.e5 Nh5 24.Ne1 Qh4 25.Nf3 Bxf3 26.Rxf3 Rae8 27.Qd1 Rd8 28.Qe2 Nf4 29.Rxf4 Qxf4
30.Rf1 Qh6 31.Bb3 c4 32.Bc2 Rde8 33.Qe4 Nc5 34.Qxc4 Rxe5 35.Bxe5 Qe3+ 36.Rf2 Qxe5
37.Re2 Qd6 38.Re1 g6 39.Rd1 Qe7 40.Qb5 Re8 41.Kh1 Qe2 42.Qb1 Re6 43.Qb2 Qe5
44.Qc1 Kg7 45.Rf1 Rf6 46.Re1 Qc3 47.Qb1 Rf2 48.Be4 Rb2 49.Qa1 Nxe4 50.Rxe4 Qc2
51.Rg4 Qb1+ 52.Qxb1 Rxb1+  0-1

[Event "77th ch-BUL 2013"]
[Site "Bankya BUL"]
[Date "2013.04.23"]
[Round "9.6"]
[White "Arnaudov,G"]
[Black "Nikolov,Mo"]
[Result "0-1"]
[WhiteElo "2489"]
[BlackElo "2527"]

1.d4 Nf6 2.c4 e6 3.Nc3 Bb4 4.Nf3 b6 5.e3 Bb7 6.Bd3 O-O 7.O-O d5 8.cxd5 exd5
9.Ne5 Bd6 10.f4 c5 11.Qf3 Nc6 12.Qh3 h6 13.g4 cxd4 14.Nxc6 Bxc6 15.exd4 Ne4
16.Bxe4 dxe4 17.f5 f6 18.Be3 Bb4 19.Rac1 Qd7 20.Qg3 Rac8 21.Rf2 Bxc3 22.bxc3 Bb5
23.h4 Bc4 24.Kh2 Kf7 25.Bf4 Qd5 26.Qe3 Rfe8 27.Rg1 Re7 28.Rgg2 Rh8 29.Kg1 Ke8
30.g5 hxg5 31.hxg5 Kd7 32.Bh2 Kc8 33.gxf6 gxf6 34.Rg6 Rf7 35.Bg3 Kb7 36.a3 Qb5
37.Rh6 Qb1+ 38.Kg2 Rxh6 39.Qxh6 e3 40.Qxe3 Bd5+ 41.Kh3 Qh1+ 42.Bh2 Bg2+ 43.Rxg2 Rh7+
44.Kg3 Rg7+ 45.Kf4 Qxg2 46.Qe4+ Kc7 47.Qxg2 Rxg2 48.Bg3 Kd7 49.Bh4 Ke7 50.d5 Ra2
51.Ke4 Rxa3 52.c4 Ra4 53.Kd3 b5  0-1

[Event "Nakhchivan Open A 2013"]
[Site "Nakhchivan AZE"]
[Date "2013.04.23"]
[Round "2.11"]
[White "Landa,K"]
[Black "Javakhadze,Z"]
[Result "1-0"]
[WhiteElo "2642"]
[BlackElo "2448"]

1.d4 Nf6 2.c4 e6 3.Nc3 Bb4 4.Nf3 c5 5.g3 cxd4 6.Nxd4 O-O 7.Bg2 d5 8.Qb3 Na6
9.cxd5 Nxd5 10.Bxd5 Qxd5 11.Qxd5 Bxc3+ 12.bxc3 exd5 13.Ba3 Re8 14.Kd2 Bd7
15.f3 Rec8 16.g4 Rc4 17.Rhb1 b6 18.Rb2 Rac8 19.Rc1 Nb8 20.Rb4 Rxb4 21.cxb4 Rxc1
22.Bxc1 Nc6 23.Nc2 Ne5 24.Kc3 f6 25.Be3 Kf7 26.Nd4 a5 27.b5 Nc4 28.Bc1 g6
29.a4 h5 30.g5 fxg5 31.Bxg5 Nd6 32.Bd8 Nc8 33.Nc2 Be6 34.Bh4 Ke8 35.Nd4 Bd7
36.Bg5 Nd6 37.Bf4 Nc8 38.Nc2 Be6 39.Kd4 Kd7 40.Ke5 Nd6 41.Nd4 Bf7 42.Kf6 Be8
43.Ne6 Nc4 44.Bc1 h4 45.Ng7 d4 46.Nxe8 Kxe8 47.Ke6  1-0

[Event "Renova FIDE GP Zug"]
[Site "Zug SUI"]
[Date "2013.04.25"]
[Round "7.5"]
[White "Topalov,V"]
[Black "Ponomariov,R"]
[Result "1/2-1/2"]
[WhiteElo "2771"]
[BlackElo "2733"]

1.d4 Nf6 2.c4 e6 3.Nc3 Bb4 4.Nf3 b6 5.e3 O-O 6.Bd3 d5 7.O-O Ba6 8.cxd5 exd5
9.Bxa6 Nxa6 10.Qa4 Qc8 11.Bd2 Re8 12.a3 Bf8 13.b4 c5 14.bxc5 bxc5 15.Rab1 c4
16.Rb2 Nc7 17.Rfb1 a6 18.Rb6 Re6 19.Rxe6 fxe6 20.Ne5 Nb5 21.Nxb5 axb5 22.Qxb5 Bxa3
23.f3 Bd6 24.Qc6 Qxc6 25.Nxc6 Ra2 26.Bb4 Bc7 27.Be1 Ra6 28.Nb4 Ra3 29.Nc2 Ra2
30.Rc1 Kf7 31.Nb4 Ra3 32.Nc2 Rb3 33.h3 Ke8 34.Kf1 Kd7 35.Ke2 e5 36.Ra1 Rb2
37.Kd1 exd4 38.exd4 Nh5 39.Bd2 Bb6 40.g4 Nf6 41.Ba5 Ne8 42.Bxb6 Rxb6 43.Ne3 Nc7
44.Ra5 Rb5 45.Rxb5 Nxb5 46.Nxd5 Nxd4 47.Nb6+ Ke6 48.Nxc4 Nxf3 49.Ke2 Ng1+
50.Ke3 Nxh3 51.Nd2 Ng5 52.Kf4 h6 53.Nb3 Kf6 54.Nd2 Ne6+ 55.Kg3 Nc5 56.Nc4 Nd3
57.Ne3 g6 58.Nc4 Ke6 59.Ne3 Ke5 60.Nc4+ Kd5 61.Nb6+ Ke4 62.Nd7 Ne5 63.Nf6+ Ke3
64.Ng8 Nf7 65.Ne7 g5 66.Ng8 Ke4 67.Nf6+ Ke5 68.Ng8 Ke4 69.Nf6+ Ke5 70.Ng8 Ke4
71.Nf6+ Ke5 72.Ng8  1/2-1/2

[Event "TCh-SUI 2013"]
[Site "Switzerland SUI"]
[Date "2013.04.28"]
[Round "2.1"]
[White "Bogner,S"]
[Black "Klauser,M"]
[Result "0-1"]
[WhiteElo "2548"]
[BlackElo "2360"]

1.d4 Nf6 2.c4 e6 3.Nc3 Bb4 4.Nf3 c5 5.e3 Nc6 6.Bd3 Bxc3+ 7.bxc3 d6 8.Nd2 e5
9.Ne4 O-O 10.O-O Bf5 11.Nxc5 e4 12.Nxb7 Qd7 13.Nxd6 Qxd6 14.Be2 Rab8 15.c5 Qc7
16.Bd2 Rfd8 17.c4 h6 18.Re1 Qe7 19.Qa4 Rbc8 20.Bc3 Bg4 21.Bf1 Nh7 22.h3 Bd7
23.Qc2 Ng5 24.Kh1 Re8 25.Red1 Qf6 26.Rac1 Bf5 27.Qe2 Qg6 28.g4 Nf3 29.Bg2 Bxg4
30.hxg4 Qxg4 31.Qf1 Qh5+ 32.Bh3 Re6 33.Qg2 Rg6 34.Rb1 Rxg2 35.Kxg2 f5 36.Rh1 Ng5  0-1

[Event "Nakhchivan Open A 2013"]
[Site "Nakhchivan AZE"]
[Date "2013.04.29"]
[Round "7.2"]
[White "Khalifman,A"]
[Black "Macieja,B"]
[Result "1/2-1/2"]
[WhiteElo "2614"]
[BlackElo "2608"]

1.d4 Nf6 2.c4 e6 3.Nc3 Bb4 4.Nf3 c5 5.g3 O-O 6.Bg2 cxd4 7.Nxd4 d5 8.cxd5 Nxd5
9.Qb3 Qb6 10.Bxd5 exd5 11.Be3 Bxc3+ 12.Qxc3 Qa6 13.Qd3 Qxd3 14.exd3 Bd7 15.Kd2 Nc6
16.Nxc6 Bxc6 17.Bd4 a6 18.g4 Bd7 19.f3 Rac8 20.h4 h5 21.Rhg1 Kh7 22.Rg2 Rfe8
23.Rag1 Re7 24.Rf2 Rc6 25.Rgg2 Be8 26.Re2 Rce6 27.Rxe6 Rxe6 28.Rg1 Rg6 29.Re1 Re6
30.Rxe6 fxe6 31.Ke3 a5 32.Be5 a4 33.Kd4 Bb5 34.b3 axb3 35.axb3 Kg6 36.b4 Ba4
37.Kc5 d4 38.Kd6 Bb3 39.g5 Kf7 40.Bxd4 Bd1 41.f4 g6 42.Be5 Bb3 43.d4  1/2-1/2

[Event "ch-FRA Junior 2013"]
[Site "Saint-Paul-Trois-Chateaux FRA"]
[Date "2013.04.30"]
[Round "4.2"]
[White "Song,Ju"]
[Black "Ider,B"]
[Result "1/2-1/2"]
[WhiteElo "2417"]
[BlackElo "2389"]

1.d4 e6 2.c4 Nf6 3.Nc3 Bb4 4.Nf3 c5 5.g3 d6 6.Bg2 Nc6 7.O-O Bxc3 8.bxc3 O-O
9.Bf4 Re8 10.dxc5 dxc5 11.Ne5 Bd7 12.Rb1 Nxe5 13.Bxe5 Bc6 14.Bxc6 bxc6 15.Rb7 Ng4
16.Qxd8 Rexd8 17.Bf4 e5 18.Bc1 Nf6 19.Bg5 h6 20.Be3 Ne4 21.Rc1 Nd6 22.Rc7 Nxc4
23.Bxc5 Rd2 24.Rb1 Rxa2 25.Rbb7 Na5 26.Rxa7 Rxa7 27.Rxa7 Ra1+ 28.Kg2 Nb3
29.Rxa1 Nxa1 30.g4 f6 31.h4 Nb3 32.Be3 Kf7 33.Kf3 Ke6 34.Ke4 Na5 35.Bc5 Nb7
36.Bf8 Kf7 37.Ba3 Ke6 38.h5 c5 39.Kd3 Kd5 40.c4+ Kd6 41.e3 Na5 42.f4 e4+
43.Kxe4 Nxc4 44.Bc1 Ke6 45.Kd3 Nd6 46.e4 Kd7 47.Bb2 Nf7 48.Kc4 Kc6 49.e5 fxe5
50.Bxe5 Nd6+ 51.Kd3 Ne8 52.g5 Kd5 53.Kc2 Ke6 54.Bxg7 hxg5 55.h6 Nd6 56.fxg5 Kf5
57.Bf6 Nf7 58.Be7 Kg6 59.Kc3 Nxh6 60.gxh6 Kxh6 61.Bxc5  1/2-1/2

[Event "Nakhchivan Open A 2013"]
[Site "Nakhchivan AZE"]
[Date "2013.05.01"]
[Round "9.23"]
[White "Saduakassova,D"]
[Black "Kazimova,N"]
[Result "1/2-1/2"]
[WhiteElo "2336"]
[BlackElo "2191"]

1.d4 Nf6 2.c4 e6 3.Nc3 Bb4 4.Nf3 b6 5.e3 Ne4 6.Qc2 Bb7 7.Bd3 f5 8.O-O Bxc3
9.bxc3 O-O 10.c5 Rf6 11.Ne1 bxc5 12.Rb1 Bc6 13.f3 Nd6 14.c4 Na6 15.a3 Rb8
16.Bb2 Rf7 17.Be2 Qg5 18.Bc1 Rff8 19.Rxb8 Nxb8 20.e4 Qe7 21.d5 exd5 22.exd5 Ba4
23.Qd2 Bb3 24.Qe3 Qxe3+ 25.Bxe3 Re8 26.Kf2 Na6 27.Nd3 Bxc4 28.Rc1 Bxd5 29.Nf4 Bb7
30.Rb1 Bc8 31.Bxa6 Bxa6 32.Bxc5 Bc4 33.Rc1 Bf7 34.Bxd6 cxd6 35.h4 Rd8 36.Rd1 Rb8
37.Rxd6 Rb7 38.Nd3 Be6 39.Nc5 Rb2+ 40.Kg3 Rb6 41.Rxb6 axb6 42.Na4 Kf7 43.Nxb6 Ke7
44.Kf4 Kd6 45.Na4 Kd5 46.Ke3 Kc4 47.Kd2 h6 48.Nc3 g5 49.hxg5 hxg5 50.a4 d5
51.a5 d4 52.Nd1 Bc8 53.Nf2 g4 54.f4 Kd5 55.g3 Ba6 56.Nd3 Bb5 57.Ne5 Ke4 58.Nf7 Kd5
59.Ng5 Ba6 60.Kc2 Bc4 61.Nf7 Ba6  1/2-1/2

[Event "ch-USA 2013"]
[Site "Saint Louis USA"]
[Date "2013.05.03"]
[Round "1"]
[White "Onischuk,Al"]
[Black "Benjamin,Joe"]
[Result "1/2-1/2"]
[WhiteElo "2666"]
[BlackElo "2534"]

1.d4 Nf6 2.c4 e6 3.Nc3 Bb4 4.Nf3 d6 5.g3 Nbd7 6.Bg2 e5 7.O-O O-O 8.Nd5 Nxd5
9.cxd5 exd4 10.Bg5 Nf6 11.Nxd4 h6 12.Bd2 Bc5 13.Bc3 Re8 14.Qc2 Bd7 15.a4 a5
16.Rae1 c6 17.dxc6 bxc6 18.Nf5 Bxf5 19.Qxf5 Qc8 20.Qc2 Nd5 21.Bxd5 cxd5 22.Qd2 Qb7
23.e3 Re4 24.Bxa5 d4 25.exd4 Rxd4 26.Qc2 Qd7 27.Bc3 Rdxa4 28.Re4 d5 29.Rxa4 Qxa4
30.Qf5 Qc6 31.Qg4 Qg6 32.Qxg6 fxg6 33.Rc1 d4 34.Bd2 Bf8 35.Kf1 Rb8 36.Rb1 Rb3
37.Ke2 Ba3 38.Ra1 d3+ 39.Kd1 Be7 40.Bc1 g5 41.Ra4 Kf7 42.f4 gxf4 43.Rxf4+ Bf6
44.Rf3 Kg6 45.h3 Bg5 46.Bxg5 Kxg5 47.Re3 Kf5 48.Kd2 Rxb2+ 49.Kxd3 Rh2 50.Re7 Kf6
51.Re3 Rxh3 52.Ke2  1/2-1/2

[Event "Chinese Teams 2013"]
[Site "Tianjin CHN"]
[Date "2013.05.03"]
[Round "4.1"]
[White "Li Shilong"]
[Black "Xiu Deshun"]
[Result "1/2-1/2"]
[WhiteElo "2558"]
[BlackElo "2534"]

1.d4 Nf6 2.c4 e6 3.Nc3 Bb4 4.Nf3 c5 5.e3 O-O 6.Bd3 d5 7.O-O dxc4 8.Bxc4 cxd4
9.exd4 b6 10.Bg5 Bb7 11.Re1 Nc6 12.Rc1 h6 13.Bh4 Rc8 14.Bd3 Be7 15.Bg3 Bd6
16.Be5 Nb4 17.Bb1 Bxe5 18.Nxe5 Qd6 19.Qd2 Rfd8 20.Rcd1 Nbd5 21.Nb5 Qb8 22.f3 a6
23.Nc3 Nxc3 24.bxc3 b5 25.Qd3 Bd5 26.Rc1 Kf8 27.a4 bxa4 28.Qxa6 Bb3 29.Qe2 Qb6
30.Kh1 a3 31.Nd3 Bc4 32.Ba2 Bxd3 33.Qxd3 Qb2 34.Rc2 Qb6 35.Rd1 Qa5 36.c4 Rc7
37.Qc3 Qa4 38.Bb3 Qa7 39.c5 Nd5 40.Bxd5 Rxd5 41.Ra1 Qa4 42.Rd2 Rb7 43.h3 Rb3
44.Qc2 Rxd4 45.Qxb3 Qxb3 46.Rxd4 Qc3 47.Rdd1 Qxc5 48.Rd3 g5 49.Rdxa3 Kg7
50.Ra7 Kg6 51.Rb7 h5 52.Rba7 Qd4 53.R7a4 Qf6 54.Re1 Qc3 55.Rae4 Qc7 56.Kg1 Qd6
57.Kh1 Kf5 58.Kg1 h4 59.Kh1 e5 60.Kg1 f6 61.Kh1 Qc6  1/2-1/2

[Event "Chinese Teams 2013"]
[Site "Tianjin CHN"]
[Date "2013.05.03"]
[Round "4.6"]
[White "Wang Doudou"]
[Black "Javakhishvili,L"]
[Result "1/2-1/2"]
[WhiteElo "2165"]
[BlackElo "2464"]

1.d4 Nf6 2.c4 e6 3.Nc3 Bb4 4.Nf3 O-O 5.Bg5 h6 6.Bh4 c5 7.e3 cxd4 8.Nxd4 Qa5
9.Qc2 Ne4 10.Rc1 Nxc3 11.bxc3 Ba3 12.Rb1 Nc6 13.Be2 e5 14.Nb5 Bc5 15.Rd1 a6
16.Nd6 Bxd6 17.Rxd6 Qc7 18.Rd2 d6 19.O-O Be6 20.Rfd1 Na5 21.Rxd6 Bxc4 22.Rd7 Qc8
23.Be7 Re8 24.Bxc4 Qxc4 25.Bb4 Nc6 26.Qb3 Qxb3 27.axb3 b5 28.g3 Rad8 29.Kg2 Rxd7
30.Rxd7 Nxb4 31.cxb4 Rc8 32.Rd3 e4 33.Rd4 f5 34.g4 fxg4 35.Rxe4 Rc3 36.Rxg4 Rxb3
37.Rd4 Kf7 38.Kf3 Rb2 39.Rd6 Rxb4 40.Rxa6 Rb2  1/2-1/2

[Event "31st Liechtenstein Open 2013"]
[Site "Triesen LIE"]
[Date "2013.05.03"]
[Round "1.7"]
[White "Cebalo,M"]
[Black "Bahl,Felix"]
[Result "1-0"]
[WhiteElo "2438"]
[BlackElo "1989"]

1.c4 Nf6 2.Nc3 e6 3.d4 Bb4 4.Nf3 O-O 5.Bg5 d5 6.e3 c6 7.Qc2 Nbd7 8.cxd5 exd5
9.Bd3 h6 10.Bh4 Re8 11.O-O-O Qa5 12.Nd2 Bxc3 13.bxc3 c5 14.Kb1 c4 15.Bf5 Nb6
16.Bxc8 Raxc8 17.Bxf6 gxf6 18.Ka1 Na4 19.Rb1 Nxc3 20.Rxb7 Rb8 21.Rxb8 Rxb8
22.Rc1 Na4 23.Rb1 Rxb1+ 24.Nxb1 Qb4 25.a3 Qa5 26.e4 Nb6 27.f3 Kg7 28.Ka2 Qb5
29.Nc3 Qc6 30.Qf2 f5 31.Qg3+ Kh7 32.Qf4 dxe4 33.Qxf5+ Kg8 34.fxe4 Na4 35.Nd5 Kg7
36.Qe5+ Kh7 37.Qe7 Kg7 38.Qe5+ Kh7 39.h4 Qb7 40.Qf5+ Kg7 41.Qe5+ Kh7 42.Nf6+ Kg7
43.Nd7+ Kh7 44.Nf6+ Kg7 45.Nh5+ Kf8 46.Qg7+ Ke8 47.Nf6+  1-0

[Event "14th Euro Indiv 2013"]
[Site "Legnica POL"]
[Date "2013.05.05"]
[Round "1.55"]
[White "Nedilko,V"]
[Black "Beliavsky,A"]
[Result "1/2-1/2"]
[WhiteElo "2396"]
[BlackElo "2628"]

1.d4 Nf6 2.c4 e6 3.Nc3 Bb4 4.Nf3 Bxc3+ 5.bxc3 d6 6.Bg5 Nbd7 7.e3 h6 8.Bh4 Nf8
9.Bd3 Ng6 10.Bg3 Nh5 11.O-O O-O 12.Nd2 Nxg3 13.fxg3 Bd7 14.Qh5 Ne7 15.g4 f6
16.Rf2 e5 17.Raf1 Be8 18.Qh4 Bg6 19.Be4 c6 20.Bxg6 Nxg6 21.Qh5 Nh8 22.Ne4 Qe7
23.d5 Rad8 24.Ng3 cxd5 25.cxd5 Qf7 26.Nf5 Qxh5 27.gxh5 Rd7 28.Rb2 Rc8 29.Rfb1 Rcc7
30.Rb4 Kh7 31.R1b3 Nf7 32.Kf2 Nd8 33.a4 b6 34.Ra3 Nb7 35.e4 Rc5 36.c4 Na5
37.Rc3 Kg8 38.Ke2 Kf8 39.Kf2 Nb7 40.Ra3 Rdc7 41.Rc3 Ra5 42.Ra3 Rd7 43.Ke2 Nc5
44.Ke3 Ke8 45.Ra1 Kd8 46.Ra2 Kc7 47.Ra3 Kb7 48.Ra2 Ka6 49.Ra3 Nb7 50.Ke2 Rc5
51.Ke3 Rc8 52.Kf3 Rg8 53.Nh4 Rc7 54.Ra2 Na5 55.Rc2 Nb7 56.Ra2 Rgc8 57.Ra3 Nc5
58.Rb5 Kb7 59.Rb4  1/2-1/2

[Event "14th Euro Indiv 2013"]
[Site "Legnica POL"]
[Date "2013.05.05"]
[Round "1.77"]
[White "Stanciu,Al"]
[Black "Mamedov,Nid"]
[Result "1-0"]
[WhiteElo "2335"]
[BlackElo "2602"]

1.d4 Nf6 2.c4 e6 3.Nc3 Bb4 4.Nf3 b6 5.Bg5 Bb7 6.Nd2 h6 7.Bh4 O-O 8.e4 Be7
9.Bg3 d5 10.e5 Ne4 11.Ndxe4 dxe4 12.Be2 Bh4 13.Bf4 Bg5 14.Bg3 Bh4 15.Bf4 Nc6
16.Be3 Ne7 17.Bg4 Bg5 18.Qe2 Ng6 19.g3 c5 20.Rd1 Qb8 21.h4 Bxe3 22.fxe3 f5
23.Bh3 cxd4 24.exd4 f4 25.Qg4 e3 26.O-O f3 27.Qxg6 e2 28.Bxe6+ Kh8 29.Bf5 Rxf5
30.Qxf5 Qc7 31.Qd3 exd1=Q 32.Nxd1 Rd8 33.Nf2 b5 34.b3 bxc4 35.bxc4 Ba6 36.Rc1 Rc8
37.Qe4 Re8 38.c5 Be2 39.c6 Qb6 40.d5 Qb2 41.Qf4 Qxa2 42.d6 Qd5 43.d7 Rg8
44.Qe4  1-0

[Event "ch-KGZ Men 2013"]
[Site "Bishkek KGZ"]
[Date "2013.05.10"]
[Round "2"]
[White "Abdyjapar,Asyl"]
[Black "Pahomeev,O"]
[Result "1-0"]
[WhiteElo "2396"]
[BlackElo "1945"]

1.d4 Nf6 2.c4 e6 3.Nc3 Bb4 4.Nf3 b6 5.g3 Bb7 6.Bg2 O-O 7.O-O d5 8.Ne5 c6
9.Qc2 Nbd7 10.Bg5 Be7 11.e4 h6 12.Bf4 Rc8 13.Rad1 Re8 14.Rfe1 Nf8 15.a3 a5
16.Qb3 Ba8 17.h3 N8h7 18.h4 Bf8 19.Qa2 Bb7 20.Qb1 Ra8 21.cxd5 exd5 22.exd5 cxd5
23.Qa2 Re7 24.Qb3 Re6 25.Bh3 Re8 26.Na4 Nh5 27.Be3 Rb8 28.Qxb6 Ba8 29.Qxd8 Rexd8
30.Bd2 Rd6 31.Nd7 Rb7 32.Nxf8 Nxf8 33.Bxa5 Nf6 34.b4 Ra7 35.Nc5 Ne4 36.Rc1 g6
37.a4 Nd2 38.Re8 Kg7 39.Bg2 Bc6 40.Rb8 Ne4 41.Bb6 Re7 42.Bd8 Ra7 43.b5 Be8
44.b6  1-0

[Event "14th Euro Indiv 2013"]
[Site "Legnica POL"]
[Date "2013.05.10"]
[Round "6.117"]
[White "Nedilko,V"]
[Black "Pavlidou,E"]
[Result "1-0"]
[WhiteElo "2396"]
[BlackElo "2209"]

1.d4 Nf6 2.c4 e6 3.Nc3 Bb4 4.Nf3 O-O 5.Bg5 d5 6.e3 Nbd7 7.cxd5 exd5 8.Bd3 h6
9.Bh4 c6 10.O-O Re8 11.Qc2 Be7 12.Bg3 a6 13.Rfd1 b5 14.e4 b4 15.Nxd5 Nxd5
16.exd5 Nf6 17.dxc6 Be6 18.d5 Nxd5 19.Bc4 Qa5 20.Bxd5 Bxd5 21.Qf5 Bc5 22.Rxd5 Rad8
23.Re5 Qxa2 24.Rae1  1-0

[Event "14th Euro Indiv 2013"]
[Site "Legnica POL"]
[Date "2013.05.10"]
[Round "6.1"]
[White "Moiseenko,A1"]
[Black "Shengelia,D"]
[Result "1-0"]
[WhiteElo "2698"]
[BlackElo "2546"]

1.d4 Nf6 2.c4 e6 3.Nf3 Bb4+ 4.Nc3 b6 5.Bg5 Bb7 6.Nd2 h6 7.Bh4 Be7 8.e4 d6
9.Bg3 O-O 10.Be2 Nc6 11.Nb3 d5 12.cxd5 exd5 13.e5 Ne4 14.O-O a5 15.a3 a4
16.Nc1 f5 17.Nxe4 dxe4 18.Bc4+ Kh7 19.Ne2 Na5 20.Ba2 Ba6 21.Re1 Nb3 22.Bxb3 axb3
23.Nf4 Bc4 24.Rc1 b5 25.d5 Ra6 26.a4 Qe8 27.axb5 Qxb5 28.h4 Rd8 29.e6 Rf8
30.Qd4 Ra4 31.Qe5 Qb8 32.Nh5 Bf6 33.Qxf5+ Kg8 34.Nxf6+ Rxf6 35.Qxe4 Bb5 36.Qe5 Rc4
37.Rxc4 Bxc4 38.Rc1  1-0

[Event "Tschaturanga Open 2013"]
[Site "Vienna AUT"]
[Date "2013.05.10"]
[Round "5.4"]
[White "Schneider Zinner,H"]
[Black "Umudova,N"]
[Result "0-1"]
[WhiteElo "2370"]
[BlackElo "2233"]

1.d4 Nf6 2.Nf3 e6 3.c4 Bb4+ 4.Nc3 b6 5.Bg5 Bb7 6.Qb3 c5 7.dxc5 Bxc5 8.e3 h6
9.Bh4 Be7 10.Be2 O-O 11.O-O d5 12.Rfd1 dxc4 13.Bxc4 Qc8 14.Ne5 Ba6 15.Nb5 Qc5
16.Nd3 Qf5 17.Bg3 Nc6 18.Qa4 Bb7 19.Nc7 Rac8 20.Bb5 Na5 21.Rac1 Rfd8 22.b4 a6
23.Nxa6 Rxc1 24.Rxc1 Qd5 25.Ne1 Qd2 26.Rb1 Be4 27.Ra1 Nb7 28.Nf3 Qb2 29.Rd1 Bc2
30.Rxd8+ Nxd8  0-1

[Event "26th Metropolitan GM"]
[Site "Los Angeles USA"]
[Date "2013.05.11"]
[Round "8"]
[White "Georgiev,Vl"]
[Black "Panchanathan,M"]
[Result "1-0"]
[WhiteElo "2559"]
[BlackElo "2578"]

1.d4 Nf6 2.c4 e6 3.Nc3 Bb4 4.Nf3 c5 5.e3 O-O 6.Bd3 d5 7.O-O Nc6 8.cxd5 exd5
9.dxc5 Bxc5 10.h3 a6 11.b3 Ba7 12.Ne2 Re8 13.Bb2 Ne4 14.Rc1 Bb8 15.Bxe4 dxe4
16.Qxd8 Rxd8 17.Nfd4 Nb4 18.Ba3 Bd6 19.Bxb4 Bxb4 20.Ng3 Re8 21.Rc4 Bf8 22.Rfc1 b5
23.Rc7 Bd6 24.R7c6 Be5 25.Ngf5 Bd7 26.Rb6 Kf8 27.g4 Reb8 28.Rxb8+ Rxb8 29.Rc5 Bf6
30.Kg2 Rd8 31.Rd5 g6 32.Ng3 Ke7 33.Nxe4 Bxd4 34.exd4 Bc6 35.Rxd8 Bxe4+ 36.f3 Bxf3+
37.Kxf3 Kxd8 38.Ke4 f6 39.Kd5 Ke7 40.Kc6 f5 41.gxf5 gxf5 42.Kd5 Kf6 43.b4 Kg5
44.Ke5 h5 45.d5  1-0

[Event "26th Metropolitan GM"]
[Site "Los Angeles USA"]
[Date "2013.05.12"]
[Round "9"]
[White "Georgiev,Vl"]
[Black "Amerkeshev,M"]
[Result "1-0"]
[WhiteElo "2559"]
[BlackElo "2191"]

1.d4 Nf6 2.c4 e6 3.Nf3 Bb4+ 4.Nc3 b6 5.e3 Bb7 6.Bd3 c5 7.O-O O-O 8.Na4 cxd4
9.a3 Be7 10.exd4 d6 11.Re1 Nbd7 12.b4 a5 13.Bb2 Re8 14.Nc3 axb4 15.axb4 Rxa1
16.Bxa1 Qa8 17.Be2 Qa3 18.Qb1 Rc8 19.Nd2 Bf8 20.Bf1 g6 21.Nb5 Qa4 22.Bc3 Bc6
23.Qb2 Ra8 24.d5 Nxd5 25.cxd5 Bxb5 26.dxe6 fxe6 27.Bxb5 Qxb5 28.Rxe6 Qd5
29.Re2 Ra2 30.Qc1 Bh6 31.Qe1 Ne5 32.h3 Rc2 33.Ne4 Rxe2 34.Qxe2 Bg7 35.Kf1 b5
36.f4 Qf7 37.g3 Nc4 38.Ng5 Qd5 39.Qe8+ Bf8 40.Kf2 Qf5 41.Ne4 Ne5 42.Ke3 Nc4+
43.Kf3 Qd5 44.Kf2 Qf5 45.Kf3 Qd5 46.Ke2 Qf7 47.Nf6+ Kg7 48.Nxh7+ Kg8 49.Nf6+ Kg7
50.Ng4+ Ne5 51.Qxf7+ Kxf7 52.fxe5  1-0